| 000 | 00647nam a22001815i 4500 | ||
|---|---|---|---|
| 001 | 157985 | ||
| 003 | ES-MaACL | ||
| 005 | 20230906210932.0 | ||
| 008 | 980721s1879 sp |||| | spa d | ||
| 040 |
_aAR _bspa _cAR |
||
| 100 | 1 |
_aLópez Bastarán, Manuel. _9129192 |
|
| 245 | 1 | 0 |
_aRetórica y poética o Literatura preceptiva / _cpor Manuel López y Bastarán. |
| 260 |
_aHuesca : _b[s.n.], _c1979 [i.e. 1879] ( _fEstab. tip. de la viuda e hijos de Castanera) |
||
| 300 |
_a303 p. ; _c23 cm. |
||
| 596 | 1 | _aCorrección de la fecha: 1879, indicada en h. de erratas. | |
| 752 |
_aEspaña - _dHuesca |
||
| 852 |
_aES-MaACL _jG-12717 _z-- Rúst. |
||
| 999 |
_c157985 _d157985 |
||